000 01036nas a2200337 4500
001 BR0205861
003 BR-BrBNA
005 20231205103423.0
007 ta
008 230509b bl.|||p| |||| 00| 00por d
040 _aBR-BrBNA
_bpor
_cBiblioteca Nacional de Agricultura
041 _a(Pt)
072 _aL10
100 1 _aGomes, G.M.
100 1 _aPapa, F.O.
100 1 _aJacob, J.C.F.
100 1 _aMacedo, L.P.
100 1 _aLeão, K.M.
100 1 _aMachado, M.S.
100 1 _aAlvarenga, M.A.
245 1 _aMelhoria dos parâmetros espermáticos pós-descongelação com o meio MP-50 para sêmen de garanhões da raça Mangalarga Marchador
650 _aCAVALO
650 _aMANGA LARGA
650 _aESPERMATOZÓIDE
650 _aDESCONGELAMENTO
650 _aGLICERINA
650 _aCRIOPRESERVAÇÃO
773 0 _tRevista Brasileira de Reprodução Animal (Brazil)
_xISSN 0102-0803
_g(Jul-Sep 2002), v. 26(3) p. 187-189
_wBR0205861
909 _a202311
_bLúcia
_c55
_dLúcia Elande
942 _2AGRIS
_n0
_cANA
999 _c172769
_d172769